书目信息 |
| 题名: |
建筑工程质量控制与验收
|
|
| 作者: | 刘尊明 , 谢东海 主编 ;叶曙光 编写 | |
| 分册: | ||
| 出版信息: | 北京 中国电力出版社 2015.02 |
|
| 页数: | 247页 | |
| 开本: | 26cm | |
| 丛书名: | 普通高等教育“十二五”规划教材 | |
| 单 册: | ||
| 中图分类: | TU712.3 | |
| 科图分类: | ||
| 主题词: | 建筑工程--jian zhu gong cheng--工程质量--质量控制--高等职业教育--教材 , 建筑工程--jian zhu gong cheng--工程质量--工程验收--高等职业教育--教材 | |
| 电子资源: | ||
| ISBN: | 978-7-5123-6785-2 | |
| 000 | 01320nam 2200313 450 | |
| 001 | CAL 0120151524267 | |
| 005 | 20150811150632.17 | |
| 010 | @a978-7-5123-6785-2@dCNY35.00 | |
| 100 | @a20150325d2015 em y0chiy50 ea | |
| 101 | 0 | @achi |
| 102 | @aCN@b110000 | |
| 105 | @aak a 000yy | |
| 106 | @ar | |
| 200 | 1 | @a建筑工程质量控制与验收@Ajian zhu gong cheng zhi liang kong zhi yu yan shou@f主编刘尊明, 谢东海@g编写叶曙光 ... [等] |
| 210 | @a北京@c中国电力出版社@d2015.02 | |
| 215 | @a247页@c图@d26cm | |
| 225 | 2 | @a普通高等教育“十二五”规划教材@Apu tong gao deng jiao yu “ shi er wu ” gui hua jiao cai@e高职高专教育 |
| 320 | @a有书目 (第247页) | |
| 330 | @a本书为普通高等教育“十二五”规划教材 (高职高专教育) , 本书内容划分为质量控制理论与施工项目质量计划、质量验收统一标准、地基与基础工程、砌体结构工程、混凝土结构工程等。 | |
| 410 | 0 | @12001 @a普通高等教育“十二五”规划教材 (高职高专教育) |
| 586 | @a | |
| 606 | 0 | @a建筑工程@Ajian zhu gong cheng@x工程质量@x质量控制@x高等职业教育@j教材 |
| 606 | 0 | @a建筑工程@Ajian zhu gong cheng@x工程质量@x工程验收@x高等职业教育@j教材 |
| 690 | @aTU712.3@v5 | |
| 701 | 0 | @a刘尊明@Aliu zun ming@4主编 |
| 701 | 0 | @a谢东海@Axie dong hai@4主编 |
| 702 | 0 | @a叶曙光@Aye shu guang@4编写 |
| 801 | 0 | @aCN@c20150820 |
| 905 | @a河南城建学院图书馆@dTU712.3@eL734@f3 | |
| 建筑工程质量控制与验收/主编刘尊明, 谢东海/编写叶曙光 ... [等].-北京:中国电力出版社,2015.02 |
| 247页:图;26cm.-(普通高等教育“十二五”规划教材:高职高专教育) |
| ISBN 978-7-5123-6785-2:CNY35.00 |
| 本书为普通高等教育“十二五”规划教材 (高职高专教育) , 本书内容划分为质量控制理论与施工项目质量计划、质量验收统一标准、地基与基础工程、砌体结构工程、混凝土结构工程等。 |
| ● |
| 相关链接 |
|
|
|
正题名:建筑工程质量控制与验收
索取号:TU712.3/L734
 
预约/预借
| 序号 | 登录号 | 条形码 | 馆藏地/架位号 | 状态 | 备注 |
| 1 | 1163878 | 211638780 | 建筑库201/201建筑库 24排3列1层/ [索取号:TU712.3/L734] | 在馆 | |
| 2 | 1163879 | 211638799 | 建筑库201/201建筑库 24排3列1层/ [索取号:TU712.3/L734] | 在馆 | |
| 3 | 1163880 | 211638806 | 建筑库201/201建筑库 24排3列1层/ [索取号:TU712.3/L734] | 在馆 |